NWSL Teams - Statistics

General Stats
  • This quiz has been taken 56 times
  • The average score is 8 of 12
Answer Stats
Answer % Correct
Gotham
84%
Portland Thorns
84%
Orlando Pride
77%
San Diego Wave
75%
Angel City
70%
Washington Spirit
68%
Houston Dash
64%
Kansas City Current
59%
North Carolina Courage
59%
Racing Louisville
57%
Chicago Red Stars
52%
OL Reign
43%
No matching quizzes found
Score Distribution
Percent of People with Each Score
Percentile by Number Answered
Your Score History
You have not taken this quiz